LIBRARY & INFORMATION CENTRE, KCAET, TAVANUR

ONLINE PUBLIC ACCESS CATALOGUE (OPAC)

Refresher of material science / (Record no. 8928)

MARC details
000 -LEADER
fixed length control field 00479cam a2200193ua 4500
041 ## - LANGUAGE CODE
Language code of text/sound track or separate title eng
082 ## - DEWEY DECIMAL CLASSIFICATION NUMBER
Classification number 620.11
Item number DEV/RE
100 ## - MAIN ENTRY--AUTHOR NAME
Personal name Devraj, .
245 ## - TITLE STATEMENT
Title Refresher of material science /
250 ## - EDITION STATEMENT
Edition statement 1 /
260 ## - PUBLICATION, DISTRIBUTION, ETC. (IMPRINT)
Place of publication New Delhi :
Name of publisher C B S Publishers & Distributers ,
Year of publication 1985.
300 ## - PHYSICAL DESCRIPTION
Number of Pages 127 ; .
700 1# - ADDED ENTRY--PERSONAL NAME
Personal name Chatwal, R K .
942 ## - ADDED ENTRY ELEMENTS (KOHA)
Koha item type Books
Holdings
Withdrawn status Lost status Damaged status Home library Current library Date acquired Full call number Accession Number Koha item type
      KAUAET KAUAET 09/03/1987 620.11 DEV/RE 16052 Books
free website counter